00723nam a2200193Ia 4500008004100000020001800041041000800059082001600067100002500083245005000108250001200158260002700170300002700197365001600224700004100240906004900281999001900330952018000349230718s9999 xx 000 0 und d a9788131503140 aeng a005.73bGIL aGilberg R.F.9133084 aData StructuresbA Pseudocode Approach With C a2nd ed. c2019bCengage Learning a720dRef 20 IT (33013) cRs.b395.00 aGilberg R.F. & Forouzan B.A.9187360 dO:0278702-Apr-2012B:284002-Apr-2012cITb790 c330463d330463 00104070aCCEPbCCEPd2012-04-02ePradeep Book DistributorsfITg296.25i2840l5o005.73pCCEP-BK-41670r2025-10-29 08:53:51s2025-10-10t790v395.00w2012-04-02yBKz041670